<?xml version="1.0" encoding="UTF-8"?><?xml-stylesheet type="text/xsl" href="static/style.xsl"?><OAI-PMH xmlns="http://www.openarchives.org/OAI/2.0/" xmlns:xsi="http://www.w3.org/2001/XMLSchema-instance" xsi:schemaLocation="http://www.openarchives.org/OAI/2.0/ http://www.openarchives.org/OAI/2.0/OAI-PMH.xsd"><responseDate>2026-06-01T20:48:16Z</responseDate><request verb="GetRecord" identifier="oai:riuma.uma.es:10630/34019" metadataPrefix="marc">https://riuma.uma.es/rest/oai/request</request><GetRecord><record><header><identifier>oai:riuma.uma.es:10630/34019</identifier><datestamp>2026-02-03T11:15:42Z</datestamp><setSpec>com_10630_2254</setSpec><setSpec>col_10630_37953</setSpec></header><metadata><record xmlns="http://www.loc.gov/MARC21/slim" xmlns:dcterms="http://purl.org/dc/terms/" xmlns:doc="http://www.lyncode.com/xoai" xmlns:xsi="http://www.w3.org/2001/XMLSchema-instance" xsi:schemaLocation="http://www.loc.gov/MARC21/slim http://www.loc.gov/standards/marcxml/schema/MARC21slim.xsd">
   <leader>00925njm 22002777a 4500</leader>
   <datafield ind2=" " ind1=" " tag="042">
      <subfield code="a">dc</subfield>
   </datafield>
   <datafield ind2=" " ind1=" " tag="720">
      <subfield code="a">Bautista-Hernáez, Andrés</subfield>
      <subfield code="e">author</subfield>
   </datafield>
   <datafield ind2=" " ind1=" " tag="260">
      <subfield code="c">2018-08-03</subfield>
   </datafield>
   <datafield ind2=" " ind1=" " tag="520">
      <subfield code="a">Debido al gran número de víctimas que dejan y a sus nefastas consecuencias, las catastrofes naturales constituyen hoy en día uno de los problemas más importantes. Sin embargo, la regulación internacional en este ámbito se caracteriza por tener considerables vacíos legales, y está compuesta principalmente de normas regionales y nacionales. Tanto España como Filipinas se ven afectados por estas catastrofes, si bien es cierto que este último ocupa el primer puesto en el ranking de número de muertes en el sudeste asíatico. Este documento tiene como objetivo analizar el marco normativo aplicable en ambos Estados en relación con esta materia, exponiendo sus principales fortalezas y debilidades.</subfield>
   </datafield>
   <datafield ind1="8" ind2=" " tag="024">
      <subfield code="a">Bautista-Hernáez, A., “A comparative study on International Disaster Law applicable to Spain and the Philippines”, Estudios de Deusto: revista de Derecho Público, Vol. 66, Nº. 1, 2018, 235-252 (ISSN 0423-4847)</subfield>
   </datafield>
   <datafield ind1="8" ind2=" " tag="024">
      <subfield code="a">0423-4847</subfield>
   </datafield>
   <datafield ind1="8" ind2=" " tag="024">
      <subfield code="a">https://hdl.handle.net/10630/34019</subfield>
   </datafield>
   <datafield ind1="8" ind2=" " tag="024">
      <subfield code="a">10.18543/ed-66(1)-2018pp235-252</subfield>
   </datafield>
   <datafield tag="653" ind2=" " ind1=" ">
      <subfield code="a">Catástrofes</subfield>
   </datafield>
   <datafield tag="653" ind2=" " ind1=" ">
      <subfield code="a">Gestión de emergencias - Derecho</subfield>
   </datafield>
   <datafield ind2="0" ind1="0" tag="245">
      <subfield code="a">A comparative study on International Disaster Law applicable to Spain and the Philippines.</subfield>
   </datafield>
</record>
</metadata></record></GetRecord></OAI-PMH>